000 00712nam a2200193 a 4500
005 20221019063516.0
008 060622s19972003mx r 000 0 spa d
020 _a9687903031
035 _aUPN01000145438
049 _aCG
050 4 _aPC4143
_bL6.4
100 1 _aLópez Chávez, Juan
_940452
245 1 0 _aLetras (b-v, c-z-s, c-k-q, g-j, h, i-y, ll-y, r-rr, x) y acentos (á,é,í,ó,ú)[y puntuación] (;.:()¡! ¿?""-) :
_bmanual de ortografía /
_cJuan López Chávez, Marina Arjona Iglesias.
260 _aMéxico :
_bEdére,
_c1997 (2003 reimp.).
300 _a268 p.
650 7 _aEspañol
_xOrtografía
_xEstudio y enseñanza
_2
_917785
700 1 _aArjona Iglesias, Marina,
_ecoaut.
905 _aLibro
999 _c117584
_d117584